书目信息 |
| 题名: |
组合式家用放音设备
|
|
| 作者: | 李宝善 编著 | |
| 分册: | ||
| 出版信息: | 北京 人民邮电出版社 1985 |
|
| 页数: | 194页 | |
| 开本: | 19cm | |
| 丛书名: | 无线电爱好者丛书 | |
| 单 册: | ||
| 中图分类: | TN912.27 , TN64 | |
| 科图分类: | ||
| 主题词: | 音频设备 , 电声器件 | |
| 电子资源: | ||
| ISBN: | ||
| 000 | 00774nam2 2200289 45 | |
| 001 | 0185020400 | |
| 005 | 20040518085608.5 | |
| 010 | @dCNY1.00 | |
| 091 | @a15045.总3075-无6342 | |
| 100 | @a19921214d1985 em y0chiy0121 ea | |
| 101 | 0 | @achi |
| 102 | @aCN@b110000 | |
| 105 | @af z 000yy | |
| 106 | @ar | |
| 200 | 10 | @a组合式家用放音设备@Azu he shi jia yong fang yin she bei@f李宝善编著 |
| 210 | @a北京@c人民邮电出版社@d1985 | |
| 215 | @a194页@c图表@d19cm | |
| 225 | 2 | @a无线电爱好者丛书 |
| 410 | 0 | @120010@a无线电爱好者丛书 |
| 606 | @a音频设备 | |
| 606 | 0 | @a电声器件 |
| 690 | @aTN912.27@v3 | |
| 690 | @aTN64 | |
| 701 | 0 | @a李宝善@Ali bao shan@4编著 |
| 801 | 0 | @aCN@b深圳图书馆@c20040518 |
| 801 | 2 | @aCN@bNLC@c20040518 |
| 905 | @f1@b151806@dTN64@e38 | |
| 组合式家用放音设备/李宝善编著.-北京:人民邮电出版社,1985 |
| 194页:图表;19cm.-(无线电爱好者丛书) |
| ISBN :CNY1.00 |
| ● |
| 相关链接 |
|
|
|
|
正题名:组合式家用放音设备
索取号:TN64/38
 
预约/预借
| 序号 | 登录号 | 条形码 | 馆藏地/架位号 | 状态 | 备注 |
| 1 | 0151806 | 001353617 | 第三借阅区/ [索取号:TN64/38] | 在馆 | |
| 2 | 0151807 | 202106014 | 第二样本阅览室/ [索取号:TN64/38] | 在馆 |